El ADN del dato Cuantitativo. Su sentido y construcción en investigación social y educacional.
Sparad:
| Huvudupphovsman: | |
|---|---|
| Materialtyp: | Bok |
| Språk: | spanska |
| Publicerad: |
Valparaíso, Chile:
Ediciones Universitarias de Valparaíso; Pontificia Universidad Católica de Valparaíso,
2014.
|
| Ämnen: | |
| Taggar: |
Lägg till en tagg
Inga taggar, Lägg till första taggen!
|
MARC
| LEADER | 00000cam a2200000 a 4500 | ||
|---|---|---|---|
| 001 | UCE1054 | ||
| 003 | CL-VaPUC | ||
| 005 | 20250509121005.0 | ||
| 008 | 140324e20140000cl |||||||||||||||||spa|d | ||
| 999 | |c 354996 |d 354994 | ||
| 020 | |a 978-956-17-0580-7 | ||
| 040 | |c Pontificia Universidad Católica de Valparaíso | ||
| 082 | 0 | 4 | |a 001.42 SAL 2014 |2 21 |
| 100 | |a Salinas Avilés, Dagoberto Enrique |e autor |9 324118 | ||
| 245 | 1 | 3 | |a El ADN del dato Cuantitativo. |b Su sentido y construcción en investigación social y educacional. |
| 260 | |a Valparaíso, Chile: |b Ediciones Universitarias de Valparaíso; |b Pontificia Universidad Católica de Valparaíso, |c 2014. | ||
| 300 | |a 114 páginas. | ||
| 500 | |a c.44 Donación Rectoría 2022. | ||
| 583 | |a last modification |c 20150107 02:00:26 |k Rodrigo Vera | ||
| 650 | 0 | |a Ciencias sociales |9 863060 |x Metodología | |
| 650 | 0 | |a Investigación activa en educación |9 886497 | |
| 650 | 0 | |a Investigación cuantitativa |9 550972 | |
| 650 | 0 | |a Proceso de datos |9 259776 | |
| 942 | |c BK |2 ddc | ||
| 945 | |d 20140324 12:18:00 |a dcastane | ||
| 952 | |0 0 |1 0 |3 erb |4 0 |6 001_420000000000000_SAL_2014 |7 0 |8 A |9 461249 |a BIBGIM |b BIBGIM |i 5064139 |o 001.42 SAL 2014 |p 5064139 |r 2025-01-15 |w 2019-11-23 |y BK |z Catalogado en:20140324 |k SSL | ||
| 952 | |0 0 |1 0 |3 erb |4 0 |6 001_420000000000000_SAL_2014 |7 0 |8 A |9 461250 |a BIBGIM |b BIBGIM |i 5064147 |o 001.42 SAL 2014 |p 5064147 |r 2025-01-15 |w 2019-11-23 |y BK |z Catalogado en:20140324 |k SSL | ||
| 952 | |0 0 |1 0 |3 erb |4 0 |6 001_420000000000000_SAL_2014 |7 0 |8 A |9 461251 |a BIBGIM |b BIBGIM |i 5064155 |o 001.42 SAL 2014 |p 5064155 |r 2025-01-15 |w 2019-11-23 |y BK |z Catalogado en:20140324 |k SSL | ||
| 952 | |0 0 |1 0 |2 ddc |3 erb |4 0 |6 001_420000000000000_SAL_2014 |7 0 |8 R |9 461252 |a BIBENE |b BIBENE |c RES |i 5064163 |l 2 |o 001.42 SAL 2014 |p 5064163 |r 2025-01-15 |s 2024-03-12 |w 2019-11-23 |y BK_R |z Catalogado en:20140324 |k ICO | ||
| 952 | |0 0 |1 0 |3 erb |4 0 |6 001_420000000000000_SAL_2014 |7 0 |8 A |9 461253 |a BIBGIM |b BIBGIM |i 5064171 |o 001.42 SAL 2014 |p 5064171 |r 2025-01-15 |w 2019-11-23 |y BK |z Catalogado en:20140324 |k SSL | ||
| 952 | |0 0 |1 0 |3 erb |4 0 |6 001_420000000000000_SAL_2014 |7 0 |8 A |9 461254 |a BIBGIM |b BIBGIM |i 506418K |o 001.42 SAL 2014 |p 506418K |r 2025-01-15 |w 2019-11-23 |y BK |z Catalogado en:20140324 |k SSL | ||
| 952 | |0 0 |1 2 |3 erb |4 0 |6 001_420000000000000_SAL_2014 |7 0 |8 A |9 461255 |a BIBGIM |b BIBGIM |i 5064198 |o 001.42 SAL 2014 |p 5064198 |r 2019-11-23 |w 2019-11-23 |y BK |z Catalogado en:20140324 |k SSL | ||
| 952 | |0 0 |1 0 |2 ddc |3 erb |4 0 |6 001_420000000000000_SAL_2014 |7 0 |8 R |9 461256 |a BIBENE |b BIBENE |c RES |i 5064201 |o 001.42 SAL 2014 |p 5064201 |r 2025-01-15 |w 2019-11-23 |y BK_R |z Catalogado en:20140324 |k ICO | ||
| 952 | |0 0 |1 0 |3 erb |4 0 |6 001_420000000000000_SAL_2014 |7 0 |8 A |9 461257 |a BIBGIM |b BIBGIM |i 506421K |o 001.42 SAL 2014 |p 506421K |r 2025-01-15 |w 2019-11-23 |y BK |z Catalogado en:20140324 |k SSL | ||
| 952 | |0 0 |1 0 |3 erb |4 0 |6 001_420000000000000_SAL_2014 |7 0 |8 A |9 461258 |a BIBGIM |b BIBGIM |i 5064228 |o 001.42 SAL 2014 |p 5064228 |r 2025-01-15 |w 2019-11-23 |y BK |z Catalogado en:20140324 |k SSL | ||
| 952 | |0 0 |1 0 |2 ddc |3 erb |4 0 |6 001_420000000000000_SAL_2014 |7 0 |8 R |9 461259 |a BIBENE |b BIBENE |c RES |i 5064236 |o 001.42 SAL 2014 |p 5064236 |r 2025-01-15 |w 2019-11-23 |y BK_R |z Catalogado en:20140324 |k ICO | ||
| 952 | |0 0 |1 0 |2 ddc |3 erb |4 0 |6 001_420000000000000_SAL_2014 |7 0 |8 R |9 461260 |a BIBENE |b BIBENE |c RES |i 5064244 |l 1 |o 001.42 SAL 2014 |p 5064244 |r 2025-01-15 |s 2023-09-11 |w 2019-11-23 |y BK_R |z Catalogado en:20140324 |k ICO | ||
| 952 | |0 0 |1 0 |3 erb |4 0 |6 001_420000000000000_SAL_2014 |7 0 |8 A |9 461261 |a BIBGIM |b BIBGIM |i 5064252 |o 001.42 SAL 2014 |p 5064252 |r 2025-01-15 |w 2019-11-23 |y BK |z Catalogado en:20140324 |k SSL | ||
| 952 | |0 0 |1 0 |3 erb |4 0 |6 001_420000000000000_SAL_2014 |7 0 |8 A |9 461262 |a BIBGIM |b BIBGIM |i 5064260 |o 001.42 SAL 2014 |p 5064260 |r 2025-01-15 |w 2019-11-23 |y BK |z Catalogado en:20140324 |k SSL | ||
| 952 | |0 0 |1 0 |3 erb |4 0 |6 001_420000000000000_SAL_2014 |7 0 |8 A |9 461263 |a BIBGIM |b BIBGIM |i 5064279 |o 001.42 SAL 2014 |p 5064279 |r 2025-01-15 |w 2019-11-23 |y BK |z Catalogado en:20140324 |k SSL | ||
| 952 | |0 0 |1 0 |3 erb |4 0 |6 001_420000000000000_SAL_2014 |7 0 |8 A |9 461264 |a BIBGIM |b BIBGIM |i 5064287 |o 001.42 SAL 2014 |p 5064287 |r 2025-01-15 |w 2019-11-23 |y BK |z Catalogado en:20140324 |k SSL | ||
| 952 | |0 0 |1 0 |3 erb |4 0 |6 001_420000000000000_SAL_2014 |7 0 |8 A |9 461265 |a BIBGIM |b BIBGIM |i 5064295 |o 001.42 SAL 2014 |p 5064295 |r 2025-01-15 |w 2019-11-23 |y BK |z Catalogado en:20140324 |k SSL | ||
| 952 | |0 0 |1 0 |3 erb |4 0 |6 001_420000000000000_SAL_2014 |7 0 |8 A |9 461266 |a BIBGIM |b BIBGIM |i 5064309 |o 001.42 SAL 2014 |p 5064309 |r 2025-01-15 |w 2019-11-23 |y BK |z Catalogado en:20140324 |k SSL | ||
| 952 | |0 0 |1 0 |3 erb |4 0 |6 001_420000000000000_SAL_2014 |7 0 |8 A |9 461267 |a BIBGIM |b BIBGIM |i 5064317 |o 001.42 SAL 2014 |p 5064317 |r 2025-01-15 |w 2019-11-23 |y BK |z Catalogado en:20140324 |k SSL | ||
| 952 | |0 0 |1 0 |3 erb |4 0 |6 001_420000000000000_SAL_2014 |7 0 |8 A |9 461268 |a BIBCUR |b BIBCUR |i 5064325 |o 001.42 SAL 2014 |p 5064325 |r 2025-04-22 |w 2019-11-23 |y BK |z Catalogado en:20140324 |k PER | ||
| 952 | |0 0 |1 0 |3 erb |4 0 |6 001_420000000000000_SAL_2014 |7 0 |8 A |9 461269 |a BIBCUR |b BIBCUR |i 5064333 |o 001.42 SAL 2014 |p 5064333 |r 2025-04-22 |w 2019-11-23 |y BK |z Catalogado en:20140324 |k PER | ||
| 952 | |0 0 |1 0 |2 ddc |3 erb |4 0 |6 001_420000000000000_SAL_2014 |7 0 |8 R |9 461273 |a BIBENE |b BIBENE |c RES |i 5070708 |o 001.42 SAL 2014 |p 5070708 |r 2025-01-15 |w 2019-11-23 |y BK_R |z Catalogado en:20140502 |k ICO | ||
| 952 | |0 0 |1 0 |3 erb |4 0 |6 001_420000000000000_SAL_2014 |7 0 |8 A |9 461274 |a BIBGIM |b BIBGIM |i 5199107 |o 001.42 SAL 2014 |p 5199107 |r 2025-01-15 |w 2019-11-23 |y BK |z Catalogado en:20150911 |k SSL | ||
| 952 | |0 0 |1 0 |3 erb |4 0 |6 001_420000000000000_SAL_2014 |7 0 |8 A |9 461275 |a BIBGIM |b BIBGIM |i 5199093 |o 001.42 SAL 2014 |p 5199093 |r 2025-01-15 |w 2019-11-23 |y BK |z Catalogado en:20150911 |k SSL | ||
| 952 | |0 0 |1 0 |3 erb |4 0 |6 001_420000000000000_SAL_2014 |7 0 |8 A |9 461276 |a BIBGIM |b BIBGIM |i 5199085 |o 001.42 SAL 2014 |p 5199085 |r 2025-01-15 |w 2019-11-23 |y BK |z Catalogado en:20150911 |k SSL | ||
| 952 | |0 0 |1 0 |3 erb |4 0 |6 001_420000000000000_SAL_2014 |7 0 |8 A |9 461277 |a BIBGIM |b BIBGIM |i 5199077 |o 001.42 SAL 2014 |p 5199077 |r 2025-01-15 |w 2019-11-23 |y BK |z Catalogado en:20150911 |k SSL | ||
| 952 | |0 0 |1 0 |3 erb |4 0 |6 001_420000000000000_SAL_2014 |7 0 |8 A |9 461278 |a BIBGIM |b BIBGIM |i 5199069 |o 001.42 SAL 2014 |p 5199069 |r 2025-01-15 |w 2019-11-23 |y BK |z Catalogado en:20150911 |k SSL | ||
| 952 | |0 0 |1 0 |3 erb |4 0 |6 001_420000000000000_SAL_2014 |7 0 |8 A |9 461279 |a BIBGIM |b BIBGIM |i 5242134 |o 001.42 SAL 2014 |p 5242134 |r 2025-01-15 |w 2019-11-23 |y BK |z Catalogado en:20151009 |k MTS | ||
| 952 | |0 0 |1 0 |3 erb |4 0 |6 001_420000000000000_SAL_2014 |7 0 |8 A |9 461280 |a BIBGIM |b BIBGIM |i 5242142 |o 001.42 SAL 2014 |p 5242142 |r 2025-01-15 |w 2019-11-23 |y BK |z Catalogado en:20151009 |k MTS | ||
| 952 | |0 0 |1 0 |3 erb |4 0 |6 001_420000000000000_SAL_2014 |7 0 |8 A |9 461281 |a BIBGIM |b BIBGIM |i 5242150 |o 001.42 SAL 2014 |p 5242150 |r 2025-01-15 |w 2019-11-23 |y BK |z Catalogado en:20151009 |k MTS | ||
| 952 | |0 0 |1 0 |2 ddc |3 erb |4 0 |6 001_420000000000000_SAL_2014 |7 0 |8 R |9 461282 |a BIBEDU |b BIBEDU |c MCIRC |i 5260604 |o 001.42 SAL 2014 |p 5260604 |r 2023-01-13 |w 2019-11-23 |y BK_R |z Catalogado en:20160107 |k LIT | ||
| 952 | |0 0 |1 0 |3 erb |4 0 |6 001_420000000000000_SAL_2014 |7 0 |8 R |9 461283 |a BIBEDU |b BIBEDU |c MCIRC |i 5260590 |o 001.42 SAL 2014 |p 5260590 |r 2023-01-13 |w 2019-11-23 |y BK_R |z Catalogado en:20160107 |k LIT | ||
| 952 | |0 0 |1 0 |3 erb |4 0 |6 001_420000000000000_SAL_2014 |7 0 |8 R |9 461284 |a BIBEDU |b BIBEDU |c MCIRC |i 5260582 |o 001.42 SAL 2014 |p 5260582 |r 2023-01-13 |w 2019-11-23 |y BK_R |z Catalogado en:20160107 |k LIT | ||
| 952 | |0 0 |1 0 |3 erb |4 0 |6 001_420000000000000_SAL_2014 |7 0 |8 X |9 461285 |a FDOBUD |b FDOBUD |i 5302811 |o 001.42 SAL 2014 |p 5302811 |r 2019-11-23 |w 2019-11-23 |y BK_X |z Catalogado en:20160505 |k FHP | ||
| 952 | |0 0 |1 0 |3 erb |4 0 |6 001_420000000000000_SAL_2014 |7 0 |8 A |9 461286 |a FDOPOS |b FDOPOS |i 5285194 |o 001.42 SAL 2014 |p 5285194 |r 2025-01-22 |w 2019-11-23 |y BK |z Catalogado en:20160512 |k MED | ||
| 952 | |0 0 |1 0 |3 erb |4 0 |6 001_420000000000000_SAL_2014 |7 0 |8 A |9 461287 |a FDOPOS |b FDOPOS |i 5285208 |o 001.42 SAL 2014 |p 5285208 |r 2025-01-22 |w 2019-11-23 |y BK |z Catalogado en:20160512 |k MED | ||
| 952 | |0 0 |1 0 |3 erb |4 0 |6 001_420000000000000_SAL_2014 |7 0 |8 A |9 461288 |a FDOPOS |b FDOPOS |i 5285216 |o 001.42 SAL 2014 |p 5285216 |r 2025-01-22 |w 2019-11-23 |y BK |z Catalogado en:20160512 |k MED | ||
| 952 | |0 0 |1 0 |3 erb |4 0 |6 001_420000000000000_SAL_2014 |7 0 |8 A |9 461289 |a BIBGIM |b BIBGIM |i 5286700 |o 001.42 SAL 2014 |p 5286700 |r 2025-01-15 |w 2019-11-23 |y BK |z Catalogado en:20160512 |k SSL | ||
| 952 | |0 0 |1 0 |3 erb |4 0 |6 001_420000000000000_SAL_2014 |7 0 |8 A |9 461290 |a BIBGIM |b BIBGIM |i 533960K |o 001.42 SAL 2014 |p 533960K |r 2025-01-15 |w 2019-11-23 |y BK |z Catalogado en:20160902 |k SSL | ||
| 952 | |0 0 |1 0 |3 erb |4 0 |6 001_420000000000000_SAL_2014 |7 0 |8 A |9 461291 |a BIBGIM |b BIBGIM |i 5339596 |o 001.42 SAL 2014 |p 5339596 |r 2025-01-15 |w 2019-11-23 |y BK |z Catalogado en:20160902 |k SSL | ||
| 952 | |0 0 |1 0 |2 ddc |4 0 |6 001_420000000000000_SAL_2014 |7 0 |8 R |9 591506 |a BIBEDU |b BIBEDU |c MCIRC |d 2023-09-12 |e Donación |i 5658478 |o 001.42 SAL 2014 |p 5658478 |r 2023-09-12 |t 44 |w 2023-09-12 |y BK_R |k EDU | ||